| 000 | 00859nam a22002297a 4500 | ||
|---|---|---|---|
| 005 | 20240530110406.0 | ||
| 008 | 150202s2010 ua f 000 0 ara d | ||
| 040 | _aEG-CaGPL | ||
| 041 | 0 | _aara | |
| 082 | 0 | 4 |
_221 _a649.1\ _bن م |
| 100 | 0 | _aنصار رمضان عمر | |
| 245 | 1 | 0 |
_a200 موقف للاباء فى تربية الابناء : _bرؤية تربوية واقعية / _cتاليف نصار رمضان عمر |
| 260 |
_aالاسكندرية : _bمؤسسة حورس الدولية ، _c[ 2010 ] |
||
| 300 |
_a400 ص ؛ _c24 سم |
||
| 504 | _aببليوجرافية : ص 391 - 393 | ||
| 650 | 0 | 4 |
_aالاطفال _xتربية |
| 650 | 0 | 4 |
_aالاسرة _xرعاية اجتماعية |
| 650 | 0 | 4 |
_aالاطفال _xرعاية |
| 650 | 0 | 4 | _aالاباء والابناء |
| 942 |
_2ddc _cBK |
||
| 999 |
_c60361 _d60361 |
||